000 00719nam a2200253Ia 4500
003 OSt
005 20221007125737.0
006 a|||||r|||| 00| 0
007 ta
008 221006b |||||||| |||| 00| 0 eng d
024 _a48712
037 _cTextual
040 _aCDL
_cCDL
_beng
041 _2eng
_aeng
082 _aE5:21p1:N58, J9
100 _aShiner V J
_9722421
111 _aConference on hyperconjugation (1958 : Bloomington)
_9722422
245 0 _aProceeding on hypercojugation
_b Campaigne E
260 _c1959
650 _aOrganic chemistry
700 _a Campaigne E
_9722423
942 _hE5:21p1:N58, J9
_cTEXL
_2CC
999 _c1215796
_d1215796